000 00467nam a2200181Ia 4500
008 151202s9999||||xx |||||||||||||| ||und||
082 _bPNVM-48261
100 _aवर्तक उषा.
245 _aमोर.
260 _bशकुन प्रका. पुणे.
260 _c0
300 _a16
600 _aवर्तक उषा.
630 _aमोर.
700 _aवर्तक उषा.
730 _aमोर.
942 _cBOOK
999 _c1314207
_d1314204